| 000 | 00000nas 2200000za 4500 |
| 001 | 9.846522 |
| 003 | CaOODSP |
| 005 | 20221107153225 |
| 007 | cr ||||||||||| |
| 008 | 171102d19621968oncar p oss f0###a0eng|d |
| 040 | |aCaOODSP|beng |
| 043 | |an-cn--- |
| 086 | 1 |aCS68-211E-PDF |
| 245 | 00|aFederal government finance, revenue and expenditure, direct and indirect debt |h[electronic resource]. |
| 260 | |aOttawa :|bDominion Bureau of Statistics, Public Finance and Transportation Division, Government Finance Section, |c1963-1971. |
| 310 | |aAnnual |
| 362 | 0 |a1962-1968. |
| 500 | |aDigitized edition from print [produced by Statistics Canada]. |
| 500 | |aCover title. |
| 500 | |aIssued also in French under title: Finances de l'administration publiques fédérale, revenus et dépenses, dette directe et indirecte. |
| 515 | |aReport year ends Mar. 31. |
| 550 | |aIssued 1964-1968 by Federal Government Section. |
| 692 | 07|2gccst|aPublic finance |
| 710 | 1 |aCanada.|bDominion Bureau of Statistics.|bGovernment Finance Section. |
| 710 | 1 |aCanada. |bDominion Bureau of Statistics. |bFederal Government Section. |
| 775 | 08|tFinances de l'administration publiques fédérale, revenus et dépenses, dette directe et indirecte |w(CaOODSP)9.846529 |
| 780 | 00|tFinancial statistics of the government of Canada, revenue and expenditure, direct and indirect debt, actual |w(CaOODSP)9.846515 |
| 785 | 00|tFederal government finance, revenue and expenditure, assets and liabilities |w(CaOODSP)9.846523 |